| 000 | 00335nam a2200145Ia 4500 | ||
|---|---|---|---|
| 999 |
_c2695 _d2695 |
||
| 003 | OSt | ||
| 005 | 20190914193613.0 | ||
| 008 | 190902s9999||||xx |||||||||||||| ||und|| | ||
| 040 | _cMAJU | ||
| 100 | _aShahid Hasan Siddiqui | ||
| 245 | 0 | _aIslamic Banking | |
| 260 |
_aIndia _bRoyal Book Company _c2012 |
||
| 300 | _a124 | ||
| 942 |
_cBK _2ddc |
||